| 000 | 00803nam a2200229 i 4500 | ||
|---|---|---|---|
| 001 | 37442 | ||
| 003 | ES-MaACL | ||
| 005 | 20230906155557.0 | ||
| 007 | t| | ||
| 008 | 030221s1971 sp ||||1| spa d | ||
| 080 | _a860:92(049.3) | ||
| 100 | 1 |
_aCaba, Rubén. _933053 |
|
| 245 | 1 | 0 |
_a389 escritores españoles opinan sobre candentes cuestiones de política nacional e internacional / _cRubén Caba. |
| 260 |
_aBilbao : _bLa Gran Enciclopedia Vasca, _c1971. |
||
| 300 |
_a158 p. : _bil. ; _c19 cm. |
||
| 490 | 1 |
_aReportaje-documento ; _v9 |
|
| 650 | 4 |
_aPolítica mundial- _y1945-1989- _xOpinión pública. _9173771 |
|
| 650 | 4 |
_aEscritores españoles- _yS.XX- _xPensamiento político. _912392 |
|
| 830 | 1 |
_aReportaje-documento ; _v9 _9229641 |
|
| 852 | 4 |
_aES-MaACL _jC-45799 |
|
| 999 |
_c37442 _d37442 |
||